Normal view MARC view

Entry Personal Name

Number of records used in: 1

001 - CONTROL NUMBER

  • control field: 164266

003 - CONTROL NUMBER IDENTIFIER

  • control field: OSt

005 - DATE AND TIME OF LATEST TRANSACTION

  • control field: 20220923220500.0

008 - FIXED-LENGTH DATA ELEMENTS

  • fixed length control field: 220923|| aca||aabn | a|a d

040 ## - CATALOGING SOURCE

  • Original cataloging agency: OSt
  • Transcribing agency: OSt

100 ## - HEADING--PERSONAL NAME

  • Personal name: जैन, एस0 पी; चतुर्वेदी, सी एल

670 ## - SOURCE DATA FOUND

  • Source citation: Work cat.: (OSt)340147: जैन, एस0 पी; चतुर्वेदी, सी एल, एडवास्ड एकाउन्टेसी, 1974
Copyright @ Delhi University Library System